Growth Infancy to Adolescence (Record no. 249265)

MARC details
000 -LEADER
fixed length control field 00415pam a2200169a 44500
008 - FIXED-LENGTH DATA ELEMENTS--GENERAL INFORMATION
fixed length control field 230405s2011 xxu||||| |||| 00| 0 eng d
020 ## - INTERNATIONAL STANDARD BOOK NUMBER
International Standard Book Number 8123914164
Terms of availability Rs.175
082 ## - DEWEY DECIMAL CLASSIFICATION NUMBER
Classification number 610.73
Item number AGA
100 ## - MAIN ENTRY--PERSONAL NAME
Personal name Agarwal, K.N.
245 ## - TITLE STATEMENT
Title Growth Infancy to Adolescence
250 ## - EDITION STATEMENT
Edition statement 2nd Ed.
260 ## - PUBLICATION, DISTRIBUTION, ETC.
Place of publication, distribution, etc. New Delhi
Name of publisher, distributor, etc. CBS Pub.
Date of publication, distribution, etc. 2011
300 ## - PHYSICAL DESCRIPTION
Extent 146 p
700 ## - ADDED ENTRY--PERSONAL NAME
Personal name Seth, A
700 ## - ADDED ENTRY--PERSONAL NAME
Personal name Agarwal, D.K.
906 ## - LOCAL DATA ELEMENT F, LDF (RLIN)
a 000510

No items available.